What's That Food - Statistics

General Stats
  • This quiz has been taken 68 times
  • The average score is 13 of 16
Answer Stats
Picture Answer % Correct
Popcorn
98%
Tomato
98%
Potato
93%
Broccoli
91%
Kiwi
91%
Cupcake
89%
Blackberry
87%
Mint
85%
French Fries
83%
Pizza
81%
Garlic
80%
Shrimp
78%
Dragon Fruit
76%
Peanut
74%
Steak / Filet Mignon
67%
Skittles
65%
No matching quizzes found
Score Distribution
Percent of People with Each Score
Percentile by Number Answered
Your Score History
You have not taken this quiz